000
00239nam a22000857a 4500
008
160713b xxu||||| |||| 00| 0 eng d
100
_9
2721
_a
Gottschalk, E.T
245
_a
In Search of Coffee Mountains
260
_a
N.Y
_b
Thomas Nelson.Inc.
_c
1977
999
_c
2362
_d
2362